000 00368nam a2200121Ia 4500
008 220204s9999 xx 000 0 und d
082 _a065
_bTHO
100 _aThompson, Gerlad E
245 0 _aManagement science: An introduction to modern quantitative analysis and decision making
260 _aNew Delhi
_bTata McGraw Hill
_c1976
650 _aManagement
942 _cBK
999 _c33112
_d33112